| 000 | 00398nam a22001337a 4500 | ||
|---|---|---|---|
| 020 | _a1-58053-133-4 | ||
| 082 |
_a388.3124 _bMCQ _cN-01,P-95 |
||
| 100 |
_aMcqueen, Bob. _938482 |
||
| 245 |
_aAdvance traveler information systems _cMcqueen, Bob. |
||
| 260 |
_aNorwood.; _bArtech House _c2002 |
||
| 300 |
_axiii, 241 p, : _bill, : _c20 Cm |
||
| 526 |
_a0 _b0 _c0 _d388_312400000000000_MCQ |
||
| 942 |
_2ddc _cBK |
||
| 999 |
_c543311 _d543311 |
||